| 000 | 00982nam a22002897a 4500 | ||
|---|---|---|---|
| 001 | 8191 | ||
| 003 | FISKH | ||
| 005 | 20250901145638.0 | ||
| 008 | 250901b cb ||||| |||| 00| 0 eng d | ||
| 020 | _a9780545108553 | ||
| 040 |
_aFISKH _beng _cFISKH _dFISKH |
||
| 050 | _aF379.N59 N433 | ||
| 082 | _a379.263092 | ||
| 100 |
_aBridges, Ruby _d(1954-) |
||
| 245 |
_aRuby Bridges goes to school : _bMy true story / _cBy Ruby Bridges |
||
| 250 | _aThis edition first published in 2009 | ||
| 260 |
_aNew York : _bScholastic, _c2003 |
||
| 300 |
_a29 unnumbered pages : _bcolor illustrations ; _c23 cm |
||
| 505 | _aG | ||
| 520 | _aRuby Bridges tells the story of how she helped end racial segregation in the New Orleans public school system when she was in the first grade. | ||
| 521 | 8 |
_a410
_bLexile |
|
| 521 | 8 |
_aG
_bRaz-Plus |
|
| 650 |
_2African Americans _aBlack History Month |
||
| 650 |
_2Biographies _a Martin Luther King |
||
| 942 |
_2ddc _cBK _n0 |
||
| 999 |
_c8191 _d8191 |
||